00801 a2200229 4500001000700000020001800007040002200025041002900047082002400076100002500100245002200125250001000147260002900157300000800186362001300194697003200207942000700239952010200246952010200348952010200450999001900552133833 a85-254-0621-X cLeonardo Da Vinci aPortuguêsaPortuguês a869.93 G978cbG978c aGUIMARÃES, Josué aCamilo Mortágua a10.ed bLePMc2006aPorto Alegre a448 a20060000 aLiteraturaaRomanceaBrasil cBK 00104070a71.1b71.1d2024-03-27l0o869.93 G978cpO009080r2024-03-27 22:33:14w2024-03-27yBK 00104070a71.1b71.1d2024-03-27l0o869.93 G978cpO009081r2024-03-27 22:33:14w2024-03-27yBK 00104070a71.1b71.1d2024-03-27l0o869.93 G978cpO009082r2024-03-27 22:33:14w2024-03-27yBK c133833d133833